000 00374nam a2200157Ia 4500
008 230917s9999||||xx |||||||||||||| ||und||
040 _e77765
_aMAIN
041 _aEnglish
082 _a340 S64T
100 _aSinha, B S
245 2 _aA textbook of jurisprudence
250 _a4th ed.
260 _aAllahabad
_bCentral Law
_c1987
300 _axlili, 368 p.
942 _cBK
999 _c61712
_d61712